জীবন ও র্কম: (Record no. 12287)
[ view plain ]
| 000 -LEADER | |
|---|---|
| fixed length control field | 00873nam a2200241 a 4500 |
| 001 - CONTROL NUMBER | |
| JCCL Control Number | 12287 |
| 003 - CONTROL NUMBER IDENTIFIER | |
| JCCL marc code | BD-JhCC |
| 005 - DATE AND TIME OF LATEST TRANSACTION | |
| control field | 20230202134025.0 |
| 008 - FIXED-LENGTH DATA ELEMENTS--GENERAL INFORMATION | |
| fixed length control field | 210922b20152019bg |||| ||a| 001 0 ben d |
| 020 ## - INTERNATIONAL STANDARD BOOK NUMBER | |
| International Standard Book Number | 9789849117667 |
| 035 ## - SYSTEM CONTROL NUMBER | |
| system control number | (BD-JhCC)12287 |
| 040 ## - CATALOGING SOURCE | |
| Original cataloging agency | BD-JhCC |
| Modifying agency | BD-JhCC |
| 041 ## - LANGUAGE CODE | |
| Language code of Book | bengali |
| 082 ## - DEWEY DECIMAL CLASSIFICATION NUMBER | |
| Classification number | 297.64 |
| Author mark and Year | HAI 2019 |
| 100 ## - MAIN ENTRY--PERSONAL NAME | |
| Personal name | হাইলামায,রশীদ |
| 245 ## - TITLE STATEMENT | |
| Title | জীবন ও র্কম: |
| Remainder of title | আয়েশা রযিয়াল্লাহু আনহা / |
| Statement of responsibility, etc | রশীদ হাইলামায, অনু: মুহাম্মদ আদম আলী । |
| 260 ## - PUBLICATION, DISTRIBUTION, ETC. (IMPRINT) | |
| Place of publication, distribution, etc | ঢাকা: |
| Name of publisher, distributor, etc | মাকতাবাতুল ফুরকান; |
| Date of publication, distribution, etc | ২০১৯. |
| 300 ## - PHYSICAL DESCRIPTION | |
| Pagination | 312 p. : |
| Dimensions | 22 cm. |
| 650 ## - SUBJECT ADDED ENTRY--TOPICAL TERM | |
| Topical term or geographic name as entry element | Ayesh, Hazrat |
| 700 ## - ADDED ENTRY--PERSONAL NAME | |
| Personal name | আলী, মুহাম্মদ আদম |
| 942 ## - ADDED ENTRY ELEMENTS (KOHA) | |
| Source of classification or shelving scheme | Dewey Decimal Classification |
| Koha item type | Books |
| Koha issues (borrowed), all copies | 3 |
| Source of classification or shelving scheme | Damaged status | Not for loan | Home library | Current library | Shelving location | Date of accession | Cost, normal purchase price | Total Checkouts | Full call number | Barcode | Checked out | Date last seen | Date checked out | Copy number | Koha item type |
|---|---|---|---|---|---|---|---|---|---|---|---|---|---|---|---|
| Dewey Decimal Classification | JCC Rouf Library | JCC Rouf Library | General Stacks | 06/18/2023 | 300.00 | 2 | 297.64 HAI 2019 | 16812 | 02/18/2026 | 01/25/2026 | 01/25/2026 | C-1 | Books | ||
| Dewey Decimal Classification | JCC Rouf Library | JCC Rouf Library | General Stacks | 08/10/2023 | 252.00 | 3 | 297.64 HAI 2019 | 16809 | 05/20/2024 | 08/22/2023 | C-2 | Books |